000 00479nam a22001937a 4500
003 MPLRDC
005 20220104161428.0
008 210129b ||||| |||| 00| 0 eng d
020 _a957-451-137-5
082 _a417.5 LR
100 _a犁人
245 _a过动儿小米十三少年时
_c
250 _a初版
260 _a台湾
_b新苗文化事业有限公司
_c2004
300 _b223
490 _a教养文库: T112
650 _a小儿科
942 _cBK
_o417.5 LR
999 _c55482
_d55472